000 00621nam a22002297a 4500
003 UA-OsUOA
001 92422
007 ta
008 20121217b un ||||| |||| 00| 0 ukr d
100 _aАбдыкадырова С.
090 _a821.512.154
_bА13
942 _cBK
040 _aUA-OsUOA
_brus
_cUA-OsUOA
_dUA-OsUOA
245 _aСлед
_bстихи и поэмы
300 _a93 с.
955 _a3
041 _arus
080 _a821.512.154
260 _aМ.
_bСоветский писатель
_c1975
650 7 _a82 Література. Літературознавство
_2UDC
999 _c378667
_d378667